00682nam a2200217Ia 4500003000400000005001700004008004000021020001800061040000700079041000800086082001600094100002600110245003300136260003500169300000900204690003300213906001100246942001200257999001900269952017600288OSt20251204164346.0210210b2011 xxu||||| |||| 00| 0 eng d a9788190904452 cAL aeng a658.15 SHAA aNand K Sharma9247723 aAdvance financial management aJaipurbDND Publicationsc2011 a364p aFinancial Management9247727 a066765 2ddccBK c149226d149226 001040708ManagementaALbALcFinancial Managementd2021-02-17eIntact Bookhouse Pvt Ltdg850.00l1o658.15 SHAAp066765r2024-04-15 00:00:00s2024-01-06w2021-02-17yBK